Suomen arvonimet - Statistics

Yleistilastot
  • Tätä visaa on pelattu 26 kertaa
  • Keskiarvotulos 6 / 114
Vastaustilastot
Ryhmä Arvonimi % Oikein
2 kauppaneuvos
50%
1 vuorineuvos
45%
5 arkkiatri
36%
2 ministeri
32%
5 maaneuvos
23%
2 metsäneuvos
23%
8 opetusneuvos
23%
6 professori
23%
1 valtioneuvos
23%
7 kulttuurineuvos
18%
7 liikuntaneuvos
18%
8 musiikkineuvos
18%
7 poliisineuvos
18%
8 talousneuvos
18%
7 kunnallisneuvos
14%
8 sosiaalineuvos
14%
8 teatterineuvos
14%
2 teollisuusneuvos
14%
16 director cantus
9%
7 kalastusneuvos
9%
4 kaupunkineuvos
9%
8 kirjastoneuvos
9%
8 kouluneuvos
9%
7 lääkintöneuvos
9%
5 laamanni
9%
6 lehdistöneuvos
9%
2 liikenneneuvos
9%
2 maanviljelysneuvos
9%
2 merenkulkuneuvos
9%
7 pelastusneuvos
9%
5 rakennusneuvos
9%
8 taideneuvos
9%
2 viestintäneuvos
9%
3 apteekkineuvos
5%
8 balettineuvos
5%
8 elokuvaneuvos
5%
2 eurooppaneuvos
5%
3 insinöörineuvos
5%
8 kamarineuvos
5%
14 kamreeri
5%
8 käsityöneuvos
5%
8 kiinteistöneuvos
5%
8 korkeakouluneuvos
5%
7 museoneuvos
5%
8 pitäjänneuvos
5%
8 puutarhaneuvos
5%
7 satamaneuvos
5%
2 valtiopäiväneuvos
5%
7 ympäristöneuvos
5%
3 yrittäjäneuvos
5%
8 ammattikasvatusneuvos
0%
13 asessori
0%
7 budjettineuvos
0%
16 director musices
0%
13 eläinlääkintöasessori
0%
7 eläinlääkintöneuvos
0%
2 energianeuvos
0%
7 eräneuvos
0%
2 erikoislähettiläs
0%
7 hallitusneuvos
0%
7 hyvinvointineuvos
0%
9 hyvinvointipalveluneuvos
0%
14 intendentti
0%
8 järjestöneuvos
0%
8 kalatalousneuvos
0%
3 kansainvälisen yhteistyön neuvos
0%
6 kanslianeuvos
0%
8 kaupallinen neuvos
0%
4 kaupunginjohtaja
0%
8 kihlakunnanneuvos
0%
8 kirjapainoneuvos
0%
10 konsuli
0%
8 kotiseutuneuvos
0%
8 kotitalousneuvos
0%
8 kotiteollisuusneuvos
0%
8 kunnanjohtaja
0%
7 lääkehuoltoneuvos
0%
13 lehtori
0%
15 lentokapteeni
0%
8 luotsineuvos
0%
6 maakuntaneuvos
0%
7 maanmittausneuvos
0%
2 matkailuneuvos
0%
7 metsätalousneuvos
0%
7 nuorisoasiainneuvos
0%
7 pääkonsuli
0%
5 patenttineuvos
0%
8 pormestari
0%
14 postimestari
0%
2 rahoitusneuvos
0%
11 rehtori
0%
8 revisioneuvos
0%
6 sairaalaneuvos
0%
8 seurakuntaneuvos
0%
14 sotakamreeri
0%
10 taloustirehtööri
0%
8 tapahtumaneuvos
0%
8 terveydenhuoltoneuvos
0%
7 työsuojeluneuvos
0%
8 uittoneuvos
0%
3 vakuutusneuvos
0%
11 varakonsuli
0%
8 varhaiskasvatusneuvos
0%
7 verotusneuvos
0%
9 yliagronomi
0%
9 yliarkkitehti
0%
9 yli-insinööri
0%
9 yli-intendentti
0%
10 ylikamreeri
0%
9 ylimetsänhoitaja
0%
12 yliopettaja
0%
2 ylipormestari
0%
10 ylirakennusmestari
0%
5 ylisosiaalineuvos
0%
Ehtoja vastaavia visoja ei löytynyt
Tulosjakauma
Jokaisen tuloksen saaneiden osuus
Persentiili vastausten määrän mukaan
Tuloshistoriasi
Et ole pelannut tätä visaa